Die Bibliothek des Abiturienten Bobrowski

Titel: Die Bibliothek des Abiturienten Bobrowski : Erstes Bücherverzeichnis aus den Jahren 1936-1938
Verfasser:
In: Zeit aus Schweigen, (2009), Seite 15-42, 3 Abb.
alle Artikel anzeigen
Veröffentlicht: 2009
Format: Aufsatz
Sprache: Deutsch
Kein Bild verfügbar
X
alg: 39174889
001A    $01999:11-11-16 
001B    $01999:15-05-21 $t21:03:25.000 
001D    $01999:11-11-16 
001U    $0utf8 
001X    $00 
002@    $0Aox 
003@    $0391748890 
007A    $0391748890 $aHEB 
007T    $0Herdc0069652m 
010@    $ager 
011@    $a2009 
021A    $aDie @Bibliothek des Abiturienten Bobrowski $dErstes Bücherverzeichnis aus den Jahren 1936-1938 
028A    $aBukauskaitė $dDalia 
031A    $h15-42, 3 Abb. $j2009 
037A    $aIm Anhang: "Johannes Bobrowski: Eine Aufstellung meiner Bücher begonnen am 10. Junius 1936", enthält 300 Positionen 
039B    $aIn $8--Aau--. Zeit aus Schweigen. - München : Meidenbauer, 2009. - 451 S.. - Ill., graph. Darst., Kt., Notenbeisp.. - ISBN 978-3-89975-119-2 $x200900000000000985 $9219917744 
045F    $a929.094382 $eDDC23BSB 
045F/01 $a929 
045F/03 $g4382 
045F/03 $g43832 

lok: 39174889 78

exp: 39174889 78 1 #EPN
201B/01 $015-02-18 $t23:07:23.000 
201U/01 $0utf8 
203@/01 $0787843717 
208@/01 $a11-11-16 $be 
209A/01 $a/ $f000 $x00 
220C/01 $aTitelaufnehmer: pg 
220C/01 $aHerkunft: HI Marburg 
244Z/01 $2Trx $#Prusy Wschodnie i Zachodnie $8--Trx--Ost- und Westpreußen $x01 $939113373X 
244Z/01 $#Königsberg Preußen $#Königsberg i. Pr. $#Königsberg Pr. $#Königsberg in Ostpreußen $#Königsberg Ostpreußen $#Königsberg (Pr.) $#Königsberg Pregel $#Stadtgemeinde Königsberg $#Königsbergk $#Kaliningrad $#Karaliánčins $#Krulevec $#Karaláuczuje $#Królewiec $#Karaliaučius $#Regimontanus $#Regiomontium $#Regiomontum $#Regiomontum Borussiae $#Калининград $74031541-1 $8--Tg1--Königsberg $x02 $908508364X 
244Z/01 $aGeschichte 1936-1938 $x03 
244Z/01 $#Bobrowsky, Johannes $#Bobrovskis, Johanesas $#Bobrovskij, Iogannes $#Bobrowski, Johannes Konrad Bernhard $#Bobṛuvskī, Johannis $#בוברובסקי, יוהאנס $7118512161 $8--Tp1--Bobrowski, Johannes$Z1917-1965 $x04 $9093003943 
244Z/01 $2Trx $#varaloend $#inventoriai $#inventories $#készletállomány jegyzék $#inwentarze $#zoznamy $#seznamy $#Inventare $#Findbücher $#księgi metrykalne $#inventáře $8--Trx--Bestandsverzeichnisse $x05 $9391370251 
244Z/01 $2Trx $#raamatukogud erakogu $#privačios bibliotekos $#Libraries private $#könyvtárak magán- $#biblioteki prywatne $#knižnice súkromné $#knihovny privátní $#Büchersammlungen $#księgozbiory $#zbierky kníh $#sbírky knih $8--Trx--Bibliotheken$gPrivat- $x06 $9391363913 
244Z/01 $2Trx $#õpilased $#mokiniai $#pupils $#tanulók $#uczniowie $#žiaci $#žáci $8--Trx--Schüler $x07 $9391369571 
244Z/01 $2Trx $#kirjanikud $#rašytojai $#writers $#írók $#pisarze $#spisovatelia $#spisovatelé $8--Trx--Schriftsteller $x08 $9391382659 
244Z/01 $2Trx $8--Trx--Einzelbeiträge $x09 $9391384570 
245Z/01 $a12.03 $x01 
247C/01 $82080>Marburg/Lahn, Herder-Institut, Forschungsbibliothek, Bibliographieportal $9336309341
LEADER 00000caa a22000002c 4500
001 391748890
003 DE-603
005 20210515210325.0
007 tu
008 161111s2009 xx |||| | u00||u|ger c
035 |a (DE-599)HEB391748890 
040 |a DE-603  |b ger  |c DE-603  |d DE-603 
041 |a ger 
082 0 4 |8 1\u  |a 929.094382  |q DE-101  |2 23/BSB 
085 |8 1\u  |b 929 
085 |8 1\u  |z 2  |s 4382 
085 |8 1\u  |z 2  |s 43832 
100 1 |a Bukauskaitė, Dalia 
245 0 0 |a ˜Dieœ Bibliothek des Abiturienten Bobrowski  |b Erstes Bücherverzeichnis aus den Jahren 1936-1938 
264 0 |c 2009 
500 |a Im Anhang: "Johannes Bobrowski: Eine Aufstellung meiner Bücher begonnen am 10. Junius 1936", enthält 300 Positionen 
773 0 8 |i In  |t Zeit aus Schweigen  |d München : Meidenbauer, 2009  |h 451 S., Ill., graph. Darst., Kt., Notenbeisp.  |z 9783899751192  |g (2009), Seite 15-42, 3 Abb.  |w (DE-603)219917744 
924 0 |9 2080  |a (DE-603)787843717  |b DE-2080  |c HES  |d d  |g /